Implementación de las decisiones del Sistema Interamericano de Derecho Humanos : aportes para los procesos legislativos.
Guardado en:
| Autor Corporativo: | |
|---|---|
| Formato: | Libro |
| Idioma: | Spanish |
| Publicado: |
Buenos Aires :
CEJIL,
2009
|
| Materias: | |
| Etiquetas: |
Agregar Etiqueta
Sin Etiquetas, Sea el primero en etiquetar este registro!
|
| LEADER | 00503nam a22001335a 4500 | ||
|---|---|---|---|
| 001 | DER.der012278 | ||
| 008 | 180615s2009####ag#||||||||||||||#||spa|| | ||
| 005 | 20250605174814.0 | ||
| 245 | 1 | 0 | |a Implementación de las decisiones del Sistema Interamericano de Derecho Humanos : |b aportes para los procesos legislativos. |
| 260 | |a Buenos Aires : |b CEJIL, |c 2009 | ||
| 300 | |a 110 p. | ||
| 710 | 1 | |a Centro por la justicia y el derecho internacional |9 CEJIL | |
| 650 | 7 | |a DERECHOS HUMANOS | |
| 859 | |a DERECHO |b BIB. DERECHO |h 323 |i CEN |p 007018 | ||
